Đạo lý làm người

Phân tích những khía cạnh tâm lý của con người trong những hoàn cảnh khác nhau thông qua những câu chuyện nhỏ nhằm giúp con người qua đó tự rút ra những bài học cho mình để có thể hoàn thiện hơn về nhân cách và sống tốt hơn...

Deskribapen osoa

Gorde:
Xehetasun bibliografikoak
Egile nagusia: Lan Phương
Formatua: Liburua
Hizkuntza:Undetermined
Argitaratua: Hà Nội Dân trí 2020
Gaiak:
Etiketak: Etiketa erantsi
Etiketarik gabe, Izan zaitez lehena erregistro honi etiketa jartzen!
Thư viện lưu trữ: Trung tâm Học liệu Trường Đại học Cần Thơ
LEADER 00937nam a2200205Ia 4500
001 CTU_236728
008 210402s9999 xx 000 0 und d
020 |c 100000 
082 |a 158.2 
082 |b L105 
100 |a Lan Phương 
245 0 |a Đạo lý làm người 
245 0 |c Lan Phương 
260 |a Hà Nội 
260 |b Dân trí 
260 |c 2020 
520 |a Phân tích những khía cạnh tâm lý của con người trong những hoàn cảnh khác nhau thông qua những câu chuyện nhỏ nhằm giúp con người qua đó tự rút ra những bài học cho mình để có thể hoàn thiện hơn về nhân cách và sống tốt hơn 
650 |a Conduct of life,Đạo đức trong cuộc sống,Interpersonal relations,Mối quan hệ 
910 |a Tuyến 
980 |a Trung tâm Học liệu Trường Đại học Cần Thơ